| 000 | 00991nam a2200289 a 4500 | ||
|---|---|---|---|
| 005 | 20191224041638.0 | ||
| 008 | 140305t1997 mx ao fr|||| 000 0 spa d | ||
| 040 |
_aCO-BoIAVH _cCO-BoIAVH |
||
| 041 | 0 |
_aspa _aeng |
|
| 044 | _amx | ||
| 082 | 0 | 4 |
_a583.56 _bC73s |
| 110 | 2 | _bComisión Nacional para el Conocimiento y uso de la Biodiversidad | |
| 245 | 1 | 0 | _aSuculentas mexicanas Cactáceas |
| 260 |
_aMéxico : _bCVS : _bCONABIO : _bUniversidad Nacional Autónoma de México, _c1997. |
||
| 300 |
_a143 páginas : _bIlustraciones, fotografías ; _c25 x 19 cm. |
||
| 546 | _aTextos en español e inglés. | ||
| 650 | 2 | 6 | _aSuculentas |
| 650 | 1 | 6 | _aCactáceas |
| 650 | 2 | 6 | _aGrupos taxonómicos |
| 650 | 2 | 6 |
_aFormas de vida _xDesierto |
| 650 | 2 | 6 | _aEcología |
| 650 | 2 | 6 | _aUso de biodiversidad |
| 662 | _aMéxico | ||
| 710 | 2 | _aUniversidad Nacional Autónoma de México | |
| 710 | 2 | _aCVS Publicaciones | |
| 942 |
_cLIBRO _2ddc |
||
| 999 |
_c2493 _d2493 |
||